Champions League 23/24 - Statistics

General Stats
  • This quiz has been taken 33 times
  • The average score is 19 of 32
Answer Stats
Group Answer % Correct
A Bayern Munich
90%
C Real Madrid
90%
H Barcelona
86%
G Manchester City
86%
A Manchester United
83%
F PSG
83%
F AC Milan
79%
F Borussia Dortmund
79%
A Galatasaray
79%
F Newcastle
76%
B Arsenal
72%
C Napoli
72%
H Porto
72%
D Inter Milan
69%
E Atletico Madrid
66%
B PSV
62%
B Lens
59%
D Benfica
55%
C Braga
55%
E Feyenoord
55%
B Sevilla
55%
E Lazio
52%
D Real Sociedad
52%
E Celtic
48%
D Red Bull Salzburg
48%
H Antwerp
45%
G Young Boys
38%
A Kobenhavn
34%
G Crvena Zvezda
31%
C Union Berlin
31%
H Shaktar Doneck
28%
G RB Liepzig
7%
No matching quizzes found
Score Distribution
Percent of People with Each Score
Percentile by Number Answered
Your Score History
You have not taken this quiz